Catalogue de la Bibliothèque de l'ENSA

Manuel d'analyse des corps gras (notice nᵒ 19780)

détails MARC
000 -LEADER
fixed length control field 00402nam a2200169Ia 4500
008 - FIXED-LENGTH DATA ELEMENTS--GENERAL INFORMATION
fixed length control field 160105s9999 xx 000 0 und d
041 ## - LANGUAGE CODE
Language code of text/sound track or separate title fre
245 ## - TITLE STATEMENT
Title Manuel d'analyse des corps gras
260 ## - PUBLICATION, DISTRIBUTION, ETC.
Place of publication, distribution, etc Paris
260 ## - PUBLICATION, DISTRIBUTION, ETC.
Name of publisher, distributor, etc Azoulay
260 ## - PUBLICATION, DISTRIBUTION, ETC.
Date of publication, distribution, etc 1968
300 ## - PHYSICAL DESCRIPTION
Other physical details ill., tabl., graph.
654 ## - SUBJECT ADDED ENTRY--FACETED TOPICAL TERM
General subdivision CORPS GRAS/ACIDE GRAS/ACYLGLYCEROLE
942 ## - ADDED ENTRY ELEMENTS (KOHA)
Koha item type Ouvrage
994 ## -
-- 120415
Exemplaires
Withdrawn status Lost status Damaged status Use restrictions Not for loan Home library Current library Cost, normal purchase price Shelving control number Total Checkouts Total Renewals Total Holds Full call number Barcode Cost, replacement price Koha item type Date last seen Date checked out
          Bibliothèque Centrale Bibliothèque Centrale 0.00         BC_491 79/A BC_491 79/A 0.00 Ouvrage    
          Bibliothèque Centrale Bibliothèque Centrale 0.00   1     BC_491 79/B BC_491 79/B 0.00 Ouvrage 15/04/2024 15/04/2024

Adresse: Ecole Nationale Supérieure Agronomique Hassen Badi - El Harrach Alger, Algérie

Tél +213 (0) 23 82 85 07+213 (0) 23 82 85 12 Fax +213 23 82 85 03/04 Courriel: bibliotheque@edu.ensa.dz